000 00553nam a2200241Ia 4500
003 OSt
005 20220924144810.0
006 a|||||r|||| 00| 0
007 ta
008 220923b |||||||| |||| 00| 0 urd d
020 _c1
024 _a321926
037 _cTextual
040 _aARTS
_cARTS
_burd
041 _2urd
_aurd
082 _aQ7:4, 168E0
245 0 _aJame-ul-ahkam
260 _c1910
300 _a64p.
_ccm.
650 _aRITES AND CEREMONIES
942 _hQ7:4, 168E0
_cTEXL
_2CC
999 _c458345
_d458345